Základy európskeho práva

Bibliographic Details
Main Authors: Kalesná, Katarína, 1959- (Author), Hruškovič, Ivan, 1955- (Author), Ďuriš, Michal (Author)
Format: Book
Language:Slovak
PhysicalDescription:180 s. 23 cm
Published: Bratislava Univerzita Komenského 2008
ISBN:9788071602743
Edition:1. vyd., dotl.
Series:Učebné texty právnickej fakulty
Subjects:

MARC

LEADER 00000nam a2200000 a 4500
001 vtls009480632
003 SK-MaSNL
005 20260319130740.0
008 240313s2008 xo d p 000 0 slo
015 |a SNBA2009/05-02635 
020 |a 9788071602743  |q (brož.)  |z 8071602248 
035 |a 084F84ED-D500-418A-8B44-3C78ED3E9A3E 
035 |a urn:nbn:sk:snk-aml6w1 
035 |a urn:nbn:sk:snk-am008u6v 
040 |a SNK  |b slo  |c SNK  |e AACR2 
041 0 |a slo 
044 |a xo  |c SK 
072 7 |a 341  |x Medzinárodné právo  |2 konspekt 
080 |a 341.171  |2 2001 
080 |a (075.8)  |2 2001 
100 1 |a Kalesná, Katarína,  |d 1959-  |4 aut  |9 207922 
245 1 0 |a Základy európskeho práva  |c Katarína Kalesná, Ivan Hruškovič, Michal Ďuriš 
250 |a 1. vyd., dotl. 
260 |a Bratislava  |b Univerzita Komenského  |c 2008 
300 |a 180 s.  |c 23 cm 
490 1 |a Učebné texty právnickej fakulty 
504 |a Bibliogr. s. 179-180 
650 0 7 |a komunitárne právo  |2 SNKPH  |9 4432 
650 0 7 |a European law  |2 SNKPHeng  |9 270889 
655 7 |a učebnice vysokých škôl  |2 SNKPH  |9 70191 
655 7 |a Textbooks (higher)  |2 SNKPHeng  |9 276436 
700 1 |a Hruškovič, Ivan,   |d 1955-  |4 aut  |9 1635172 
700 1 |a Ďuriš, Michal  |4 aut  |9 406421 
810 2 |a Univerzita Komenského v Bratislave.  |b Právnická fakulta  |t Učebné texty  |9 196123 
919 |a 978-80-7160-274-3 
958 |a NB 
968 |d 34 
999 |c 657639  |d 659569 
952 |a SNK  |b SNK  |y PREZ  |7 0  |p 17A0613367  |o snkSC 134837  |i snk2009/4622  |8 0  |0 0  |1 0  |4 0  |d 2009-03-06  |f 1  |l 0  |r 2025-07-01 00:00:00  |w 2026-02-23 
952 |a SNK  |b SNK  |y VYP  |7 0  |p 17A0613365  |o snkSC 134837 D1  |i snk2009/4623  |8 0  |0 0  |1 0  |4 0  |d 2009-03-06  |l 0  |r 2026-02-23 18:43:01  |w 2026-02-23